British Producer Cooperatives in the Footwear Industry (Registro nro. 26454)

Detalles MARC
000 -LEADER
fixed length control field 00371 a2200121 4500
001 - CONTROL NUMBER
control field ART_12559
005 - DATE AND TIME OF LATEST TRANSACTION
control field 20260410161907.0
008 - FIXED-LENGTH DATA ELEMENTS--GENERAL INFORMATION
fixed length control field 260409a
100 1# - MAIN ENTRY--PERSONAL NAME
Personal name Jones, Derek
245 10 - TITLE STATEMENT
Title British Producer Cooperatives in the Footwear Industry
700 1# - ADDED ENTRY--PERSONAL NAME
Personal name Backus, David K.
773 0# - HOST ITEM ENTRY
Title The Economic Journal
Related parts - Vol. 97, Nº 347 (set. 1977)
Record control number REV12512

No hay ítems disponibles.